Statistics for Country Abbreviation #4

Click here to take the quiz!

General Stats

  • This quiz has been taken 19 times
  • The average score is 5 of 8

Answer Stats

HintAnswer% Correct
CYPCyprus
100%
QATQatar
100%
HRV or CROCroatia
94%
BIHBosnia and Herzegovnia
56%
PRTPortugal
56%
BDIBurundi
39%
LCASt Lucia
33%
WSMSamoa
22%

Score Distribution

Percentile by Number Answered

Percent of People with Each Score

Your Score History

You have not taken this quiz